Ricostruisci la Carriera del Calciatore - Pepe Reina - Statistics

Statistiche generali
  • Questo quiz è stato fatto 6 volte
  • Il punteggio medio è 9 su 12
Statistiche sulle risposte
Hint Risposta % Corretto
2000-2002 Barcellona
100%
1999-2000 Barcellona B
100%
1999 Barcellona C
100%
2005-2013 Liverpool
100%
2022- Villarreal
100%
2020 Aston Villa
80%
2020-2022 Lazio
80%
2018-2020 Milan
80%
2015-2018 Napoli
80%
2014-2015 Bayern Monaco
40%
2013-2014 Napoli
40%
2002-2005 Villarreal
40%
Nessun quiz corrispondente trovato
Distribuzione punteggi
Percentuale di utenti per punteggio
Percentile per numero di risposta
I tuoi punteggi nel tempo
Non hai fatto questo quiz